000 01403nam a2200325 a 4500
001 BRCA_3147
005 20190320204131.0
008 050209s1876----fr-a---###---#000-0#fre-u
041 _afre
044 _afr
084 _a450
_b.B48
_c1876
100 1 _aCervantes Saavedra, Miguel de
_d1547-1616
_9213
245 1 0 _aHistoire de Don Quichotte de la Manche
_cMichel de Cervantes ; Traduite par Filleau de Saint-Martin.
260 _aParís
_bBernardin-Béchet
_c1876
300 _a379 p.
_bil.
_c25 cm.
500 _aContenido : Primera parte. Prólogo del autor traducido por Florian. Texto. Segunda parte. Texto
500 _aEdición : Ornée de Gravures
500 _aEdición económica de la traducción de Filleau de Saint-Martin. Copia de la impresa en 1861 por el mismo editor. Semipiel; lomo decorado con filetes dorados Lúdovik Osterc
500 _aQM376
546 _aTeto en : francés
650 1 4 _aNovela española
_yÉpoca clásica, 1500-1700
_9215
650 1 4 _aLiteratura española
_yÉpoca clásica, 1500-1700
_9216
650 1 4 _aNovela española
_ySiglo XVII
_9217
650 1 4 _aDon Quijote (Personaje ficticio)
_eNovela
_9218
700 1 _aSaint-Martin, Francois Filleau de
_d1632-1695
_eTraductor
_98508
700 1 _aFlorian, Jean-Pierre Claris de
_d1755-1794
_eTraductor
_98480
740 0 _aEl Ingenioso Hidalgo Don Quijote de la Mancha
902 _aQFM
942 _2lcc
_cB
999 _c2883
_d2883